• 首页
  • 本馆介绍
  • 公告通知
  • 最新文献
  • 馆藏检索
  • 电子资源
  • 读者导购
  • 参考咨询
  • 我的图书馆
  • 登录
  • 详细信息显示
  • 放入我的书架
  • 预约/预借图书
  • 作者相关作品
  • 分类相关作品
  • 丛书相关作品
  • 出版社相关作品

书目信息

  • 表格格式
  • 工作单格式
  • 卡片格式
题名:
护理考试题解
    
 
作者: 全 , Chuan 著 ;鲁泽清 , 张延龄 译
分册:  
出版信息: 北京   人民卫生出版社  1984
页数: 1077页
开本: 19cm
丛书名:
单 册:
中图分类: R471-44
科图分类:
主题词: 护理--试题
电子资源:
ISBN:
000 00889nam0 2200301 45
001 0184009238
005 20040524101612.4
010    @dCNY2.70
091    @a14048.4468
100    @a19950622d1984 em y0chiy0121 ea
101 1  @achi@ceng
102    @aCN@b110000
105    @ay z 000yy
106    @ar
200 10 @a护理考试题解@Ahu li kao shi ti jie@f(美)全(H.Chuan)等著@g鲁泽清,张延龄译
210    @a北京@c人民卫生出版社@d1984
215    @a1077页@d19cm
300    @a书名原文:Nursing:Pretest Self-Assessment and Review
510 1  @aNursing:Pretest Self-Assessment and Review@zeng
606    @a护理@x试题
690    @aR471-44@v3
701  1 @a全@Aquan@bH.@4著
701 A1 @aChuan@bH.@4著
702  0 @a鲁泽清@Alu ze qing@4译
702  0 @a张延龄@Azhang yan ling@4译
801  0 @aCN@b上海图书馆@c20040524
801  2 @aCN@bNLC@c20040524
905    @f1@b117090@dR471-44@e14
    
    护理考试题解/(美)全(H.Chuan)等著/鲁泽清,张延龄译.-北京:人民卫生出版社,1984
    1077页;19cm
    书名原文:Nursing:Pretest Self-Assessment and Review
    
    ISBN :CNY2.70
    
●
相关链接 在E读中查询图书 在五车中查询图书 在当当中查询图书 在豆瓣中查询图书


正题名:护理考试题解     索取号:R471-44/14         预约/预借

序号 登录号 条形码 馆藏地/架位号 状态 备注
1 0117090   000715523   第三借阅区/ [索取号:R471-44/14] 在馆    
唐山师范学院图书馆 欢迎您!
大连网信软件有限公司© 版权所有